[Event "33rd Rilton Cup"]
[Site "Stockholm SWE"]
[Date "2003.12.31"]
[Round "5.17"]
[White "Richards, Heather"]
[Black "Nataf, Igor-Alexandre"]
[Result "0-1"]
[WhiteElo "2236"]
[BlackElo "2561"]
[EventDate "2003.12.27"]
[PlyCount "60"]

1.e4 c6 2.d4 d5 3.f3 e6 4.Nc3 Bb4 5.Bf4 Ne7 6.Ne2 O-O 7.a3 Ba5 8.Qd2 Nd7 
9.h4 b5 10.Nc1 c5 11.dxc5 d4 12.Qxd4 e5 13.Bxe5 Nc6 14.Qd5 Ndxe5 15.b4 Qf6
16.Qd2 Rd8 17.Nd5 Nxf3+ 18.gxf3 Qxa1 19.bxa5 Be6 20.Bxb5 Nd4 21.Be2 Bxd5 
22.exd5 Re8 23.Kf2 Nxe2 24.d6 Nxc1 25.Rxc1 Qe5 26.Kg2 Qxc5 27.d7 Red8 28.
Re1 h6 29.Qd3 Qc6 30.Re7 Kf8 0-1

[Event "33rd Rilton Cup"]
[Site "Stockholm SWE"]
[Date "2003.12.31"]
[Round "5.20"]
[White "Edlund, Robin"]
[Black "Kiik, Kalle"]
[Result "0-1"]
[WhiteElo "2227"]
[BlackElo "2433"]
[EventDate "2003.12.27"]
[PlyCount "61"]

1.Nc3 d5 2.e4 d4 3.Nce2 e5 4.Ng3 Be6 5.Nf3 Nd7 6.c3 c5 7.Bb5 Bd6 8.b4 Nf6 
9.bxc5 Bxc5 10.Nxe5 O-O 11.Nxd7 Nxd7 12.O-O Ne5 13.Nf5 d3 14.Ne3 a6 15.Ba4
Qh4 16.f3 Rad8 17.Bb3 Bc4 18.Qe1 Qxe1 19.Rxe1 b5 20.Kf1 Rfe8 21.h3 h5 22.
f4 Ng6 23.Nxc4 bxc4 24.Bxc4 Nxf4 25.Bxa6 Re6 26.g3 Rxa6 27.gxf4 Rg6 28.Re3
Bxe3 29.dxe3 d2 30.Bxd2 Rxd2 31.a4 0-1

[Event "33rd Rilton Cup"]
[Site "Stockholm SWE"]
[Date "2003.12.31"]
[Round "5.26"]
[White "Dalmau, Joergen"]
[Black "Carstensen, Jacob"]
[Result "1-0"]
[WhiteElo "2003"]
[BlackElo "2280"]
[EventDate "2003.12.27"]
[PlyCount "66"]

1.e4 c5 2.Nf3 d6 3.d4 cxd4 4.Qxd4 a6 5.c4 Nc6 6.Qd2 Nf6 7.Nc3 g6 8.b3 Bg7 
9.Bb2 O-O 10.Be2 e6 11.O-O Qc7 12.h3 Rd8 13.Qe3 Nd7 14.Na4 b6 15.Bxg7 Kxg7
16.Ng5 h6 17.Nxf7 Kxf7 18.Qxh6 Nf6 19.f4 Ne7 20.f5 exf5 21.exf5 Nxf5 22.
Qf4 Bd7 23.g4 Bxa4 24.bxa4 Rh8 25.gxf5 g5 26.Qg3 Qc5+ 27.Kg2 Rae8 28.Bf3 
Re5 29.Rad1 Rhe8 30.a5 bxa5 31.Rf2 Qxc4 32.Rxd6 R8e7 33.Qxg5 Ne8 1-0

[Event "33rd Rilton Cup"]
[Site "Stockholm SWE"]
[Date "2003.12.31"]
[Round "5.28"]
[White "Nyback, Tomi"]
[Black "Penttila, Tero"]
[Result "1-0"]
[WhiteElo "2497"]
[BlackElo "1983"]
[EventDate "2003.12.27"]
[PlyCount "45"]

1.Nf3 Nf6 2.c4 b6 3.g3 Bb7 4.Bg2 e6 5.O-O Be7 6.Nc3 O-O 7.Re1 d5 8.cxd5 
Nxd5 9.e4 Nxc3 10.bxc3 c5 11.d4 Nc6 12.d5 Na5 13.Bf4 exd5 14.exd5 Bf6 15.
Ne5 g5 16.Qg4 Kg7 17.Bxg5 Bxg5 18.h4 f6 19.Nc6 Bc8 20.Qh5 Nxc6 21.dxc6 Bd2
22.Rad1 Ba6 23.Rxd2 1-0

[Event "33rd Rilton Cup"]
[Site "Stockholm SWE"]
[Date "2003.12.31"]
[Round "5.29"]
[White "Malysheva, Polina"]
[Black "Milanovic, Danilo"]
[Result "0-1"]
[WhiteElo "2157"]
[BlackElo "2446"]
[EventDate "2003.12.27"]
[PlyCount "80"]

1.e4 c5 2.Nf3 e6 3.c3 Nf6 4.e5 Nd5 5.d4 cxd4 6.cxd4 d6 7.Bc4 Nc6 8.O-O Be7
9.Qe2 O-O 10.Nc3 dxe5 11.dxe5 Nxc3 12.bxc3 Qa5 13.Bd2 Rd8 14.Bd3 Bd7 15.h4
Be8 16.h5 Qa4 17.Rfc1 Qg4 18.Bxh7+ Kxh7 19.Ng5+ Qxg5 20.Bxg5 Bxg5 21.Rd1 
Rdc8 22.f4 Be7 23.Qe4+ Kh8 24.f5 exf5 25.Qxf5 Bc5+ 26.Kh1 Ne7 27.Qg5 Ng8 
28.Rd3 Be7 29.Qf4 Rc6 30.Rad1 Rac8 31.Rg3 Nh6 32.Rdd3 f6 33.exf6 Bxf6 34.
Rd6 Rxd6 35.Qxd6 Rd8 36.Qc7 Rd1+ 37.Kh2 Re1 38.Qc8 Kh7 39.Qxb7 Be5 40.Qf3 
Bd7 0-1

[Event "33rd Rilton Cup"]
[Site "Stockholm SWE"]
[Date "2003.12.31"]
[Round "5.31"]
[White "Palmblad, Jan-Peter"]
[Black "Bellon Lopez, Juan Manuel"]
[Result "1/2-1/2"]
[WhiteElo "2187"]
[BlackElo "2423"]
[EventDate "2003.12.27"]
[PlyCount "59"]

1.e4 g6 2.d4 Bg7 3.Be3 d6 4.Qd2 Nd7 5.Nc3 a6 6.a4 e5 7.Nf3 exd4 8.Nxd4 
Ngf6 9.f3 Ne5 10.Bh6 Nxe4 11.Nxe4 Qh4+ 12.g3 Qxh6 13.f4 Nc6 14.Nxc6 bxc6 
15.Nxd6+ cxd6 16.Qxd6 g5 17.Qc5 Qe6+ 18.Kf2 Bf8 19.Qd4 Qd5 20.Qxh8 Qc5+ 
21.Ke1 Ra7 22.Rd1 Re7+ 23.Be2 Bg4 24.Rd2 Qe3 25.Qc3 Qe4 26.Kf2 Qxh1 27.
Bxg4 Qxh2+ 28.Kf1 Qh1+ 29.Kf2 gxf4 30.Bd7+ 1/2-1/2

[Event "33rd Rilton Cup"]
[Site "Stockholm SWE"]
[Date "2003.12.31"]
[Round "5.32"]
[White "Miskulin, Dennis"]
[Black "Molander, Riku"]
[Result "1/2-1/2"]
[WhiteElo "2156"]
[BlackElo "2324"]
[EventDate "2003.12.27"]
[PlyCount "28"]

1.e4 c5 2.Nf3 d6 3.d4 cxd4 4.Nxd4 Nf6 5.Nc3 Nc6 6.Bc4 e6 7.Be3 a6 8.Qe2 
Qc7 9.Bb3 Be7 10.O-O-O O-O 11.Rhg1 Nd7 12.g4 Nc5 13.Nf5 b5 14.Bd5 Bb7 
1/2-1/2

[Event "33rd Rilton Cup"]
[Site "Stockholm SWE"]
[Date "2003.12.31"]
[Round "5.33"]
[White "Bromann, Thorbjorn"]
[Black "Luna, Gustavo"]
[Result "1/2-1/2"]
[WhiteElo "2360"]
[BlackElo "2136"]
[EventDate "2003.12.27"]
[PlyCount "91"]

1.e4 c5 2.Nf3 Nc6 3.d4 cxd4 4.Nxd4 Nf6 5.Nc3 e5 6.Ndb5 d6 7.Bg5 a6 8.Na3 
b5 9.Bxf6 gxf6 10.Nd5 f5 11.Bd3 Be6 12.O-O Bxd5 13.exd5 Ne7 14.c3 Bg7 15.
Nc2 O-O 16.a4 e4 17.Be2 Qb6 18.axb5 axb5 19.Qd2 Ng6 20.Na3 f4 21.Rfb1 e3 
22.fxe3 fxe3 23.Qe1 Be5 24.Bxb5 Qc5 25.Bc6 Rab8 26.Nc2 Rxb2 27.Rxb2 Bxc3 
28.Qxe3 Qxe3+ 29.Nxe3 Bxb2 30.Rd1 Ne5 31.Nf5 Ba3 32.Rb1 h5 33.Ng3 Nxc6 34.
dxc6 Rc8 35.Nf5 d5 36.Rd1 Rxc6 37.Rxd5 Kh7 38.Kf2 Rc5 39.Rxc5 Bxc5+ 40.Kf3
Kg6 41.Ng3 Bd6 42.Nf1 Kg5 43.h3 Bf4 44.Ke4 h4 45.Kf3 Kf5 46.Ne3+ 1/2-1/2

[Event "33rd Rilton Cup"]
[Site "Stockholm SWE"]
[Date "2003.12.31"]
[Round "5.34"]
[White "Ask, Josef"]
[Black "Netzer, Jean"]
[Result "1-0"]
[WhiteElo "2178"]
[BlackElo "2268"]
[EventDate "2003.12.27"]
[PlyCount "117"]

1.e4 c5 2.Nf3 Nc6 3.d3 g6 4.g3 Bg7 5.Bg2 e5 6.O-O Nge7 7.c3 O-O 8.a3 d6 9.
b4 h6 10.Nbd2 Be6 11.Rb1 b6 12.Bb2 Qd7 13.Nb3 Rad8 14.d4 c4 15.d5 cxb3 16.
dxe6 Qxe6 17.Nd2 f5 18.Qxb3 Qxb3 19.Nxb3 fxe4 20.c4 e3 21.fxe3 Rc8 22.Bh3 
Rcd8 23.Be6+ Kh7 24.Rxf8 Rxf8 25.Rd1 Rf6 26.Rxd6 Nd8 27.Rxd8 Rxe6 28.Rd7 
Nf5 29.Kf2 Re7 30.Rxe7 Nxe7 31.b5 Kg8 32.a4 Kf7 33.Ba3 Nc8 34.c5 Ke6 35.e4
Bf6 36.Ke2 h5 37.Bc1 g5 38.Be3 Bd8 39.Kd3 g4 40.Kc4 Bc7 41.Bg5 bxc5 42.
Nxc5+ Kd6 43.Be3 a5 44.bxa6 Kc6 45.a7 Nxa7 46.Ne6 Bb8 47.Ng7 Nc8 48.Nxh5 
Nd6+ 49.Kd3 Ne8 50.a5 Kb5 51.a6 Kxa6 52.Kc4 Nc7 53.Nf6 Kb7 54.Nxg4 Kc6 55.
Nxe5+ Kd6 56.Nf3 Ne6 57.Ng5 Nxg5 58.Bxg5 Ke6 59.Bf4 1-0

[Event "33rd Rilton Cup"]
[Site "Stockholm SWE"]
[Date "2003.12.31"]
[Round "5.35"]
[White "Eriksson, Jonas"]
[Black "Loenngren, Tobias"]
[Result "1-0"]
[WhiteElo "2288"]
[BlackElo "2155"]
[EventDate "2003.12.27"]
[PlyCount "52"]

1.e4 c5 2.Nf3 e6 3.b3 d6 4.Bb2 Nf6 5.e5 dxe5 6.Nxe5 Be7 7.Bd3 Nbd7 8.O-O 
Nxe5 9.Bxe5 O-O 10.Nc3 Bd6 11.Re1 Bxe5 12.Rxe5 Qc7 13.f4 b6 14.Qe1 Bb7 15.
Qh4 h6 16.Rae1 Rad8 17.R1e3 Qd6 18.Rg3 Qd4+ 19.Kf1 Kh8 20.Ne2 Qa1+ 21.Kf2 
Rxd3 22.cxd3 Qd1 23.Reg5 Qa1 24.Rxg7 Ne4+ 25.dxe4 Qxg7 26.Rxg7 Kxg7 1-0

[Event "33rd Rilton Cup"]
[Site "Stockholm SWE"]
[Date "2003.12.31"]
[Round "5.37"]
[White "Andersson, Fredrik"]
[Black "Malmstig, Erik"]
[Result "1/2-1/2"]
[WhiteElo "2164"]
[BlackElo "2277"]
[EventDate "2003.12.27"]
[PlyCount "85"]

1.e4 d6 2.d4 Nf6 3.Nc3 g6 4.Nf3 Bg7 5.h3 a6 6.a4 d5 7.exd5 Nxd5 8.Nxd5 
Qxd5 9.Be3 c5 10.c3 cxd4 11.Bxd4 Bxd4 12.Qxd4 Qxd4 13.Nxd4 e5 14.Nb3 Be6 
15.Nc5 Bd5 16.Rd1 Bc6 17.a5 Ke7 18.f3 Rc8 19.b4 Nd7 20.Nxd7 Bxd7 21.Rd3 
Rc7 22.Re3 Kf6 23.Kd2 Rac8 24.Be2 Be6 25.Rc1 g5 26.g4 h5 27.Rh1 h4 28.Rc1 
Bd5 29.c4 Be6 30.Rec3 Rd7+ 31.Rd3 Rcd8 32.Rxd7 Rxd7+ 33.Ke3 Rd4 34.Bd3 Bd7
35.b5 Rd6 36.c5 Rxd3+ 37.Kxd3 Bxb5+ 38.Ke4 Bc6+ 39.Ke3 Ke6 40.Rd1 Bd5 41.
Rd2 f6 42.Rd1 Bc6 43.Rd6+ 1/2-1/2

[Event "33rd Rilton Cup"]
[Site "Stockholm SWE"]
[Date "2003.12.31"]
[Round "5.38"]
[White "Eriksson, Jorgen"]
[Black "Hammar, Ulf"]
[Result "0-1"]
[WhiteElo "2217"]
[BlackElo "2100"]
[EventDate "2003.12.27"]
[PlyCount "84"]

1.c4 e5 2.Nc3 Nf6 3.g3 d6 4.Bg2 g6 5.d3 Bg7 6.Nf3 O-O 7.O-O Nbd7 8.Rb1 Rb8
9.b4 b6 10.Nd2 Bb7 11.e4 Nh5 12.Nb3 f5 13.Bh3 f4 14.Be6+ Kh8 15.g4 Nhf6 
16.f3 Re8 17.Bxd7 Nxd7 18.Bd2 h5 19.gxh5 Qg5+ 20.Kf2 Qxh5 21.Nb5 Bf6 22.
Ke2 Bd8 23.Rf2 a6 24.Nc3 c6 25.a4 d5 26.b5 dxc4 27.dxc4 Bh4 28.Rg2 Nf6 29.
Kf1 Rbd8 30.bxc6 Bxc6 31.Nd5 Nxd5 32.cxd5 Bxa4 33.Ra1 Bb5+ 34.Kg1 a5 35.
Bc3 Bd7 36.Rd2 Bh3 37.Raa2 g5 38.d6 g4 39.Kh1 gxf3 40.d7 Bg2+ 41.Kg1 f2+ 
42.Kxg2 Rg8+ 0-1

[Event "33rd Rilton Cup"]
[Site "Stockholm SWE"]
[Date "2003.12.31"]
[Round "5.39"]
[White "Martinsen, Stig"]
[Black "Agafonovs, Jurijs"]
[Result "0-1"]
[WhiteElo "2117"]
[BlackElo "2213"]
[EventDate "2003.12.27"]
[PlyCount "54"]

1.f4 d5 2.d3 Nf6 3.Nf3 g6 4.g3 Bg7 5.Bg2 O-O 6.O-O Nc6 7.c3 Re8 8.b4 a6 9.
Na3 e5 10.fxe5 Nxe5 11.Nxe5 Rxe5 12.Bf4 Rh5 13.Qd2 Bh3 14.Bxh3 Rxh3 15.Rf2
Ng4 16.Rg2 Qf6 17.d4 Qe7 18.Nc2 Re8 19.Rd1 h6 20.Qd3 b5 21.Rf1 Nxh2 22.Ra1
Ng4 23.a4 c6 24.axb5 axb5 25.Ra6 Qe6 26.Na3 Qd7 27.Nb1 g5 0-1

[Event "33rd Rilton Cup"]
[Site "Stockholm SWE"]
[Date "2003.12.31"]
[Round "5.41"]
[White "Namini, Armin"]
[Black "Andersson, Bjoern"]
[Result "0-1"]
[WhiteElo "2086"]
[BlackElo "2212"]
[EventDate "2003.12.27"]
[PlyCount "54"]

1.d4 c5 2.d5 Nf6 3.c4 d6 4.Nc3 g6 5.e4 Bg7 6.f3 O-O 7.Be3 Na6 8.Qd2 Nc7 9.
Bd3 a6 10.Nge2 Bd7 11.Rb1 b5 12.cxb5 axb5 13.b4 c4 14.Bc2 e6 15.O-O exd5 
16.exd5 Re8 17.Bf4 Ncxd5 18.Be4 Nxe4 19.fxe4 Qb6+ 20.Kh1 Nxc3 21.Nxc3 Qd4 
22.Qxd4 Bxd4 23.Nd5 Rxe4 24.Bxd6 Bc6 25.Nf6+ Bxf6 26.Rxf6 Re2 27.Bc5 Be4 
0-1

[Event "33rd Rilton Cup"]
[Site "Stockholm SWE"]
[Date "2003.12.31"]
[Round "5.42"]
[White "Ong, Kezli"]
[Black "Christensen, Esben"]
[Result "1-0"]
[WhiteElo "2184"]
[BlackElo "2083"]
[EventDate "2003.12.27"]
[PlyCount "110"]

1.e4 c5 2.Nf3 e6 3.d4 cxd4 4.Nxd4 Nf6 5.Nc3 d6 6.g4 a6 7.g5 Nfd7 8.h4 b5 
9.a3 Bb7 10.Be3 Qc7 11.h5 Nc6 12.Qd2 Rc8 13.O-O-O b4 14.axb4 Nxb4 15.Kb1 
Nc5 16.Bg2 Qa5 17.Nb3 Nxb3 18.cxb3 Be7 19.g6 hxg6 20.hxg6 Rxh1 21.gxf7+ 
Kxf7 22.Rxh1 Bf6 23.Bd4 Bxd4 24.Qxd4 Qa1+ 25.Kxa1 Nc2+ 26.Ka2 Nxd4 27.f4 
Rb8 28.Rd1 e5 29.Bf1 Ke7 30.Bc4 Rf8 31.Rg1 Bc8 32.f5 Bxf5 33.exf5 Nxf5 34.
Nd5+ Kd7 35.Bxa6 e4 36.Bb5+ Ke6 37.Nf4+ Kf6 38.Re1 Ra8+ 39.Kb1 Nd4 40.Bc4 
Kf5 41.Nd5 Nf3 42.Re2 Re8 43.b4 g5 44.b5 g4 45.b6 Nd4 46.Rf2+ Kg5 47.b7 g3
48.Rf7 Nf5 49.Bf1 e3 50.Ne7 g2 51.Rxf5+ Kh4 52.Bxg2 e2 53.Rf4+ Kg3 54.Re4 
Kxg2 55.Rxe2+ Kf3 1-0

[Event "33rd Rilton Cup"]
[Site "Stockholm SWE"]
[Date "2003.12.31"]
[Round "5.43"]
[White "Nygren, David"]
[Black "Jantti, Petri"]
[Result "1-0"]
[WhiteElo "2186"]
[BlackElo "2087"]
[EventDate "2003.12.27"]
[PlyCount "35"]

1.e4 c5 2.c3 d5 3.exd5 Qxd5 4.d4 cxd4 5.cxd4 Nc6 6.Nf3 e5 7.Nc3 Bb4 8.Be2 
exd4 9.O-O Bxc3 10.bxc3 Nge7 11.cxd4 O-O 12.Qa4 Bg4 13.Rb1 b6 14.Ba3 Qxa2 
15.Bb5 Rfc8 16.Ba6 Rc7 17.Rfc1 Bd7 18.Bc4 1-0

[Event "33rd Rilton Cup"]
[Site "Stockholm SWE"]
[Date "2003.12.31"]
[Round "5.46"]
[White "Breen, Veronica"]
[Black "Norberg, Johan"]
[Result "1/2-1/2"]
[WhiteElo "1998"]
[BlackElo "2176"]
[EventDate "2003.12.27"]
[PlyCount "44"]

1.b3 g6 2.Bb2 Nf6 3.g3 Bg7 4.Bg2 c5 5.c4 Nc6 6.Nf3 O-O 7.O-O b6 8.d4 cxd4 
9.Nxd4 Bb7 10.Nxc6 Bxc6 11.Bxc6 dxc6 12.Qc2 Qd7 13.Nd2 Qe6 14.Nf3 Rad8 15.
Rad1 c5 16.Rd3 Rxd3 17.Qxd3 Ne4 18.Bxg7 Kxg7 19.Rd1 Nd6 20.Qd5 Qxd5 21.
Rxd5 f6 22.Nd2 Rd8 1/2-1/2

[Event "33rd Rilton Cup"]
[Site "Stockholm SWE"]
[Date "2003.12.31"]
[Round "5.47"]
[White "Andersson, Goran"]
[Black "Krantz, Christopher"]
[Result "0-1"]
[WhiteElo "2194"]
[BlackElo "1919"]
[EventDate "2003.12.27"]
[PlyCount "94"]

1.e4 e6 2.d4 d5 3.Nc3 Bb4 4.e5 Qd7 5.a3 Bxc3+ 6.bxc3 b6 7.a4 a5 8.Bb5 c6 
9.Bd3 Ba6 10.Ba3 Bxd3 11.cxd3 Na6 12.Qg4 f5 13.exf6 Nxf6 14.Qe2 c5 15.Nf3 
O-O 16.O-O Rfe8 17.Ne5 Qc7 18.Bc1 cxd4 19.cxd4 Nd7 20.Bf4 Nxe5 21.Bxe5 Qd7
22.f4 Nb4 23.Rf3 Nc6 24.g4 Nxe5 25.dxe5 Rf8 26.Qe3 b5 27.axb5 Qxb5 28.f5 
Qd7 29.f6 g6 30.Qh6 a4 31.d4 Rf7 32.Qc1 Qb5 33.Rc3 Rff8 34.Rb1 Qe2 35.h3 
Qe4 36.Rb4 a3 37.Re3 Qxe3+ 38.Qxe3 a2 39.Rb7 a1=Q+ 40.Kg2 Ra2+ 41.Kg3 Ra3 
42.Rb3 Rxb3 43.Qxb3 Qe1+ 44.Kf4 Qc1+ 45.Kg3 Rc8 46.Qb7 Rc3+ 47.Kh4 Qh6# 
0-1

[Event "33rd Rilton Cup"]
[Site "Stockholm SWE"]
[Date "2003.12.31"]
[Round "5.48"]
[White "Kopasov, Evgeny"]
[Black "Asberg, Anders"]
[Result "1-0"]
[WhiteElo "2154"]
[BlackElo "1886"]
[EventDate "2003.12.27"]
[PlyCount "101"]

1.d4 Nf6 2.c4 c5 3.d5 b5 4.cxb5 a6 5.bxa6 Bxa6 6.Nc3 d6 7.g3 g6 8.Bg2 Bg7 
9.Nf3 O-O 10.O-O Nbd7 11.Rb1 Qc7 12.b3 Rfb8 13.Qc2 Ng4 14.Bd2 Nge5 15.Rfc1
Nxf3+ 16.Bxf3 Ne5 17.Bg2 Rb7 18.a4 Rab8 19.Qd1 Qd7 20.Na2 Qg4 21.Bf1 g5 
22.f3 Qh5 23.b4 cxb4 24.Nxb4 Bc4 25.Nc6 Rxb1 26.Rxb1 Rxb1 27.Qxb1 Bf6 28.
Nxe5 Bxe5 29.Qe4 Bb3 30.a5 f6 31.f4 gxf4 32.gxf4 Qg4+ 33.Qg2 Bd4+ 34.e3 
Qxg2+ 35.Bxg2 Bc5 36.Kf2 Bc4 37.Ke1 Kf8 38.Be4 h6 39.Kd1 Bb3+ 40.Kc1 Ba3+ 
41.Kb1 Ke8 42.Bg6+ Kd8 43.e4 Bd1 44.Be3 Bc5 45.Bxc5 dxc5 46.Kb2 Ba4 47.Kc3
Bb5 48.e5 fxe5 49.fxe5 c4 50.Bh5 e6 51.d6 1-0

[Event "33rd Rilton Cup"]
[Site "Stockholm SWE"]
[Date "2003.12.31"]
[Round "5.49"]
[White "Larsson, Victor"]
[Black "Friberg, Hans"]
[Result "1/2-1/2"]
[WhiteElo "2116"]
[BlackElo "2243"]
[EventDate "2003.12.27"]
[PlyCount "151"]

1.e4 e6 2.d4 d5 3.Nc3 Nf6 4.Bg5 dxe4 5.Nxe4 Be7 6.Ng3 a6 7.Nf3 c5 8.dxc5 
Qa5+ 9.Qd2 Qxd2+ 10.Nxd2 Bxc5 11.O-O-O Be7 12.Be2 Bd7 13.Bxf6 gxf6 14.Nc4 
b5 15.Nd6+ Bxd6 16.Rxd6 Ke7 17.Rhd1 Bc6 18.R6d4 Ra7 19.c4 Rc8 20.c5 Rd7 
21.b4 Rxd4 22.Rxd4 Bxg2 23.Rh4 Nc6 24.a4 a5 25.axb5 Nxb4 26.c6 f5 27.f3 
Nd5 28.Ra4 Nc3 29.Rxa5 f4 30.Ra7+ Kd6 31.Kd2 fxg3 32.hxg3 Nxe2 33.Kxe2 Rc7
34.Ra6 Re7 35.Kf2 Bh3 36.Ra1 Bf5 37.Rc1 Kc7 38.Ke3 e5 39.g4 Bc8 40.Ke4 Kb6
41.Rb1 f6 42.Kd5 e4 43.fxe4 Re5+ 44.Kd4 Bxg4 45.Rf1 Re6 46.Kd5 Re5+ 47.Kd4
Rxb5 48.Rxf6 h5 49.Rh6 Kc7 50.e5 Rb1 51.Rf6 Rb5 52.Rh6 Be2 53.Rf6 Ra5 54.
Rh6 Bf3 55.Ke3 Bd1 56.Kd4 Bg4 57.Rf6 h4 58.Rh6 h3 59.Ke4 Ra3 60.Kd5 Rd3+ 
61.Kc5 Rc3+ 62.Kd5 Rd3+ 63.Kc5 Bf5 64.Rh5 Rf3 65.Kd5 Rd3+ 66.Kc5 Bg6 67.
Rh6 Rg3 68.Kd5 Bf7+ 69.e6 Rg5+ 70.Kd4 Be8 71.Rxh3 Bxc6 72.Rh6 Ba4 73.Rh7+ 
Kd6 74.e7 Be8 75.Kd3 Kd5 76.Rh8 1/2-1/2

[Event "33rd Rilton Cup"]
[Site "Stockholm SWE"]
[Date "2003.12.31"]
[Round "5.50"]
[White "Lindh, Fredrik"]
[Black "Getta, Markus"]
[Result "1-0"]
[WhiteElo "2196"]
[BlackElo "2096"]
[EventDate "2003.12.27"]
[PlyCount "123"]

1.e4 c5 2.Nf3 d6 3.d4 cxd4 4.Nxd4 Nf6 5.Nc3 g6 6.Be3 Bg7 7.f3 Nc6 8.Qd2 
O-O 9.O-O-O Bd7 10.Kb1 Rc8 11.g4 Ne5 12.h4 b5 13.h5 Nxf3 14.Nxf3 Bxg4 15.
Qg2 Rxc3 16.bxc3 Qa5 17.Bd4 e5 18.hxg6 fxg6 19.Be3 Nxe4 20.Qxg4 Nxc3+ 21.
Kc1 Nxa2+ 22.Kb2 Rxf3 23.Qc8+ Kf7 24.Qd7+ Kg8 25.Qe8+ Bf8 26.Qe6+ Kh8 27.
Qxa2 Qxa2+ 28.Kxa2 Rxe3 29.Bxb5 Kg7 30.Bc4 Rc3 31.Bb3 Rc5 32.Rdf1 d5 33.
Rh4 h5 34.Ra4 a5 35.Rd1 d4 36.Rc4 Rxc4 37.Bxc4 Bb4 38.Bd3 Kf6 39.Rf1+ Kg7 
40.Rg1 Bc3 41.Rxg6+ Kf7 42.Rh6 h4 43.Rxh4 Ke6 44.Be4 Kf6 45.Rh5 Bd2 46.
Rf5+ Ke6 47.Kb3 Bc3 48.Rf3 Bd2 49.Ka4 Be1 50.Kb5 Bb4 51.Kc6 a4 52.Bd5+ Ke7
53.Rf7+ Ke8 54.Ra7 a3 55.Ra4 Bc3 56.Rxa3 Bd2 57.Ra7 Bf4 58.Rf7 Bg3 59.Rg7 
Bf4 60.Kd6 Bh6 61.Rg8+ Bf8+ 62.Ke6 1-0

[Event "33rd Rilton Cup"]
[Site "Stockholm SWE"]
[Date "2003.12.31"]
[Round "5.51"]
[White "Isaksson, Per"]
[Black "Norberg, Erik"]
[Result "1/2-1/2"]
[WhiteElo "2085"]
[BlackElo "2166"]
[EventDate "2003.12.27"]
[PlyCount "38"]

1.d4 g6 2.c4 Bg7 3.e4 d6 4.Nc3 Nd7 5.Be2 e5 6.d5 Ne7 7.h4 f5 8.h5 f4 9.g3 
g5 10.Bg4 h6 11.Nge2 Nf6 12.Bxc8 Nxc8 13.f3 Nb6 14.g4 O-O 15.Qd3 Nfd7 16.
b4 a5 17.Ba3 Qe7 18.O-O axb4 19.Bxb4 Na4 1/2-1/2

[Event "33rd Rilton Cup"]
[Site "Stockholm SWE"]
[Date "2003.12.31"]
[Round "5.55"]
[White "Gustafsson, Stefan"]
[Black "Elfstrom, Jorgen"]
[Result "1/2-1/2"]
[WhiteElo "1980"]
[BlackElo "2118"]
[EventDate "2003.12.27"]
[PlyCount "69"]

1.e4 c5 2.Nc3 e6 3.d3 d5 4.exd5 exd5 5.g3 Nf6 6.Bg2 d4 7.Ne4 Nxe4 8.dxe4 
Nc6 9.Ne2 Be7 10.Nf4 O-O 11.O-O Re8 12.Re1 Bd6 13.Bd2 Ne5 14.Nd3 Nc4 15.b3
Nxd2 16.Qxd2 Qc7 17.e5 Bf8 18.c3 Bf5 19.cxd4 cxd4 20.Rac1 Qb6 21.Be4 Bd7 
22.f4 Rac8 23.Qg2 Rxc1 24.Rxc1 Rc8 25.Rxc8 Bxc8 26.Qc2 Bd7 27.Kg2 Bc6 28.
Bxc6 bxc6 29.f5 c5 30.Qe2 g6 31.g4 c4 32.bxc4 Qc6+ 33.Kg1 Qxc4 34.e6 fxe6 
35.fxe6 1/2-1/2

[Event "33rd Rilton Cup"]
[Site "Stockholm SWE"]
[Date "2003.12.31"]
[Round "5.58"]
[White "Jensen, Leif Haugaard"]
[Black "Adler, Bo"]
[Result "1-0"]
[WhiteElo "2055"]
[BlackElo "2245"]
[EventDate "2003.12.27"]
[PlyCount "95"]

1.e4 e5 2.Nc3 Nc6 3.Bc4 d6 4.d3 Na5 5.Bb3 Nxb3 6.axb3 Be7 7.f4 Nf6 8.Nf3 
exf4 9.Bxf4 O-O 10.O-O d5 11.exd5 Nxd5 12.Nxd5 Qxd5 13.Kh1 c5 14.Qe1 Bf6 
15.Rb1 a5 16.Bd2 b6 17.Bc3 Bxc3 18.bxc3 Bb7 19.Qf2 Rae8 20.Rbe1 Bc6 21.Nd2
Rxe1 22.Rxe1 Re8 23.Rxe8+ Bxe8 24.Qf3 Qxf3 25.Nxf3 b5 26.Nd2 f5 27.Kg1 Bh5
28.c4 b4 29.Kf2 Bd1 30.Ke3 Bxc2 31.d4 f4+ 32.Kxf4 cxd4 33.Ke5 Kf7 34.Kxd4 
Ke6 35.c5 Kd7 36.Kc4 Kc6 37.Nf3 Bd3+ 38.Kxd3 Kxc5 39.Nd2 Kb5 40.Kd4 a4 41.
bxa4+ Kxa4 42.Kc4 Ka3 43.Nb3 Ka4 44.Nd4 Ka3 45.Nc2+ Kb2 46.Nxb4 Kc1 47.Kd3
Kd1 48.Ke3 1-0

[Event "33rd Rilton Cup"]
[Site "Stockholm SWE"]
[Date "2003.12.31"]
[Round "5.61"]
[White "Jiretorn, Eva"]
[Black "Horn, Emilia"]
[Result "1/2-1/2"]
[WhiteElo "2146"]
[BlackElo "2028"]
[EventDate "2003.12.27"]
[PlyCount "43"]

1.d4 d5 2.c4 c6 3.Nc3 Nf6 4.Nf3 dxc4 5.e4 b5 6.e5 Nd5 7.a4 e6 8.axb5 Nxc3 
9.bxc3 cxb5 10.Ng5 Bb7 11.Qh5 g6 12.Qg4 Qc7 13.Be2 Nd7 14.h4 h5 15.Qh3 Bd5
16.Bf3 Nxe5 17.dxe5 Qxe5+ 18.Be2 Bg7 19.Bd2 b4 20.f4 Qd6 21.O-O O-O 22.Qe3
1/2-1/2

[Event "33rd Rilton Cup"]
[Site "Stockholm SWE"]
[Date "2003.12.31"]
[Round "5.63"]
[White "Bodin, Stefan"]
[Black "Johansson, Robin (1)"]
[Result "0-1"]
[WhiteElo "2004"]
[BlackElo "2095"]
[EventDate "2003.12.27"]
[PlyCount "84"]

1.b3 e5 2.Bb2 Nc6 3.e3 Nf6 4.c4 d5 5.cxd5 Nxd5 6.a3 a6 7.Qc2 Bd6 8.Nf3 Qe7
9.d3 O-O 10.Be2 Be6 11.Nbd2 Rad8 12.Nc4 Bc8 13.O-O Rfe8 14.Rfe1 f5 15.Bf1 
Nf6 16.Rad1 Qf7 17.e4 Qh5 18.Ncd2 fxe4 19.Nxe4 Bg4 20.Ng3 Qg6 21.Be2 Rf8 
22.Nh4 Qg5 23.Nf3 Qg6 24.Nh4 Qh6 25.Bxg4 Qxh4 26.Bh3 Kh8 27.Re3 Nd5 28.Re4
Nf4 29.Kh1 Qg5 30.Bc1 Nd4 31.Qa2 Bc5 32.b4 Bb6 33.f3 Qg6 34.Bxf4 exf4 35.
Ne2 Nf5 36.Nxf4 Qh6 37.Ne6 Rxd3 38.Rde1 Rd2 39.Qc4 Nd6 40.Qb3 Nxe4 41.fxe4
Qh4 42.Rc1 Rff2 0-1

[Event "33rd Rilton Cup"]
[Site "Stockholm SWE"]
[Date "2003.12.31"]
[Round "5.64"]
[White "Helin, Mikael"]
[Black "Nystrom, Ragnar"]
[Result "1-0"]
[WhiteElo "1971"]
[BlackElo "2098"]
[EventDate "2003.12.27"]
[PlyCount "85"]

1.e4 e6 2.Nf3 d5 3.e5 c5 4.b4 cxb4 5.d4 Bd7 6.a3 Qb6 7.axb4 Bxb4+ 8.c3 Be7
9.h4 Bb5 10.Qb3 Ba6 11.Qxb6 axb6 12.Ra4 Nc6 13.Na3 Na5 14.Nb5 Rc8 15.Nd6+ 
Bxd6 16.exd6 Nf6 17.Bxa6 bxa6 18.O-O O-O 19.Ba3 Rc4 20.Bb4 Nd7 21.Ne5 Nxe5
22.dxe5 f6 23.f4 Rd8 24.g3 Rd7 25.Rfa1 fxe5 26.fxe5 Nc6 27.Rxa6 Nxe5 28.h5
Rc8 29.Rxb6 Nc4 30.Rba6 Rcd8 31.Re1 Nxd6 32.Rxe6 Ne4 33.Kg2 Nf6 34.h6 Ne8 
35.Re5 gxh6 36.Bc5 h5 37.Bd4 Rg7 38.Rxh5 Rb7 39.Rah6 Rd6 40.Rg5+ Rg6 41.
Rgxg6+ hxg6 42.Rh8+ Kf7 43.Rh7+ 1-0

[Event "33rd Rilton Cup"]
[Site "Stockholm SWE"]
[Date "2003.12.31"]
[Round "5.69"]
[White "Kulagin, Maxim"]
[Black "Egeland, Marte"]
[Result "0-1"]
[WhiteElo "2056"]
[BlackElo "1990"]
[EventDate "2003.12.27"]
[PlyCount "32"]

1.e4 e5 2.Nf3 Nc6 3.Bc4 Nf6 4.d4 exd4 5.O-O Nxe4 6.Re1 d5 7.Bxd5 Qxd5 8.
Nc3 Qa5 9.Nxe4 Be6 10.Neg5 O-O-O 11.Nxe6 fxe6 12.Rxe6 Qf5 13.Qe2 h6 14.b3 
g5 15.Bb2 Bg7 16.Rd1 d3 0-1

[Event "33rd Rilton Cup"]
[Site "Stockholm SWE"]
[Date "2003.12.31"]
[Round "5.71"]
[White "Backman, Michael"]
[Black "Cleanthous, Demetris"]
[Result "1-0"]
[WhiteElo "2106"]
[BlackElo "2091"]
[EventDate "2003.12.27"]
[PlyCount "61"]

1.d4 Nf6 2.c4 c5 3.d5 e6 4.Nc3 exd5 5.cxd5 d6 6.e4 g6 7.Bd3 Bg7 8.Nge2 O-O
9.O-O Na6 10.f3 Nc7 11.Kh1 Rb8 12.Rb1 b5 13.b4 c4 14.Bc2 Nd7 15.Be3 Rb7 
16.Nd4 a6 17.Nc6 Qh4 18.Bd4 Ne8 19.Bxg7 Nxg7 20.Qd4 Nh5 21.Kg1 Qf6 22.Qxf6
Nhxf6 23.a4 bxa4 24.Bxa4 Nb6 25.Na5 Nxa4 26.Nxa4 Rb5 27.Nxc4 Ne8 28.Nab6 
Rxb6 29.Nxb6 Nf6 30.Rfc1 Bd7 31.Nxd7 1-0

[Event "33rd Rilton Cup"]
[Site "Stockholm SWE"]
[Date "2004.01.02"]
[Round "6.16"]
[White "Seeman, Tarvo"]
[Black "Dalmau, Joergen"]
[Result "1-0"]
[WhiteElo "2429"]
[BlackElo "2003"]
[EventDate "2003.12.27"]
[PlyCount "79"]

1.Nf3 Nf6 2.g3 d5 3.Bg2 c6 4.O-O Bg4 5.d3 Nbd7 6.c4 dxc4 7.dxc4 e6 8.Nc3 
Be7 9.Bf4 O-O 10.h3 Bh5 11.g4 Bg6 12.Nh4 Nb6 13.Nxg6 hxg6 14.b3 Bb4 15.Rc1
Qe7 16.Qc2 e5 17.Bg5 Qe6 18.Rcd1 Nh7 19.Bc1 f5 20.g5 f4 21.Ne4 Be7 22.h4 
Qg4 23.Nd6 Qxh4 24.Qxg6 Nxg5 25.Nf5 Rxf5 26.Qxf5 Rf8 27.Qxe5 Rf6 28.Rd3 
Rg6 29.Bxf4 Nh3+ 30.Rxh3 Qxh3 31.Bg3 Qd7 32.Qe4 Rg4 33.Qf3 Rd4 34.Qh5 Bf6 
35.Bh3 Qe7 36.Bf5 Rd8 37.Kg2 Nd7 38.Qh7+ Kf8 39.Rd1 Nb6 40.Bg6 1-0